| 000 | 03075nam0a2200469 4500 | ||
|---|---|---|---|
| 001 | RU\NLR\bibl\606309 | ||
| 005 | 20250610143235.0 | ||
| 010 |
_a5-88313-421-1 _bв обл. _9500 |
||
| 021 |
_aRU _b2004-40296 _92001 |
||
| 035 | _aRSL-KNO-002450598 | ||
| 035 | _a(NLR Aleph) 000598230 | ||
| 090 |
_a1756393 _c1756393 |
||
| 100 | _a20040712d2004 |||y0rusy50 ca | ||
| 101 | 0 | _arus | |
| 102 | _aRU | ||
| 105 | _ay ||||||||| | ||
| 106 | _ar | ||
| 200 | 1 |
_aИгра в образовании ребенка : от прошлого - к настоящему _e[учеб. пособие] _fЕ. А. Репринцева |
|
| 210 |
_aКурск _cКурс. гос. ун-т _d2004 _eКГУ |
||
| 215 |
_a264 с. _d20 |
||
| 320 | _aБиблиогр.: с. 260-262 и в конце гл. | ||
| 606 | 0 |
_aДетские игры _jРуководства, пособия и т.п. _xИстория _9946161 _3RU\NLR\auth\66350858 |
|
| 606 | 0 |
_aДетские игры _jУчебные издания _xИстория _9946161 _3RU\NLR\auth\66350858 |
|
| 606 | 0 |
_aДетские игры _jРуководства, пособия и т.п. _xПсихологические исследования _9946192 _3RU\NLR\auth\66350873 |
|
| 606 | 0 |
_aДетские игры _jУчебные издания _xПсихологические исследования _9946192 _3RU\NLR\auth\66350873 |
|
| 610 | 0 | _aКультура. Наука. Просвещение -- Народное образование. Педагогические науки -- Общеобразовательная школа. Школьная педагогика -- Школьная педагогика -- Российская Федерация -- Дидактика -- Методы обучения -- Учебник для высшей школы | |
| 610 | 0 | _aКультура. Наука. Просвещение -- Народное образование. Педагогические науки -- Общеобразовательная школа. Школьная педагогика -- Школьная педагогика -- Зарубежные страны -- Дидактика -- Методы обучения -- Учебник для высшей школы | |
| 610 | 0 | _aКультура. Наука. Просвещение -- Народное образование. Педагогические науки -- Всеобщая история народного образования и педагогической мысли -- Системы, школы, направления -- Учебник для высшей школы | |
| 686 |
_aЧ421,6(2)25я73-1 _2rubbk |
||
| 686 |
_aЧ421,8(3)25я73-1 _2rubbk |
||
| 686 |
_aЧ33(0)-2я73-1 _2rubbk |
||
| 686 | _aЧ421.382.59 | ||
| 686 | _aЧ33(0) | ||
| 686 | _aЮ983.612я7 | ||
| 700 | 1 |
_aРепринцева _bЕ. А. _gЕлена Алексеевна _4070 |
|
| 801 | 0 |
_aRU _bRuMoRKP _c20040712 _grcr |
|
| 801 | 1 |
_aRU _bRuMoRGB _c20040712 |
|
| 801 | 2 |
_aRU _bNLR _c20050207 _gPSBO |
|
| 942 | _cBOOK | ||
| 980 | _aNB | ||
| 980 | _aNBR | ||